000 01080nas a2200349 4500
001 BR0302893
003 BR-BrBNA
005 20231205103845.0
007 ta
008 230509b bl.|||p| |||| 00| 00por d
040 _aBR-BrBNA
_bpor
_cBiblioteca Nacional de Agricultura
041 _a(Pt)
072 _aF50
100 1 _aSilva Filho, D.F.
100 1 _aNoda, H.
100 1 _aYuyama, K.
100 1 _aYuyama, L.K.O.
100 1 _aAguiar, J.P.L.
100 1 _aMachado, F.M.
245 1 _aCubiu (Solanum sessiliflorum DUNAL): Uma planta medicinal nativa da Amazônia em processo de seleção para o cultivo em Manaus, Amazonas, Brasil
650 _aCUBIU
650 _aPLANTA MEDICINAL
650 _aFRUTA TROPICAL
650 _aETNOBOTÂNICA
650 _aSELEÇÃO GENÉTICA
650 _aVARIEDADE
650 _aMÉTODO ESTATÍSTICO
650 _aAMAZONAS
773 0 _tRevista Brasileira de Plantas Medicinais (Brazil)
_xISSN 1516-0572
_g(Apr 2003), v. 5(2) p. 65-70
_wBR0302893
909 _a202311
_bLúcia
_c55
_dLúcia Elande
942 _2AGRIS
_n0
_cANA
999 _c175099
_d175099